000 00530nam a2200181Ia 4500
003 OSt
005 20200519103344.0
008 190216s9999||||xx |||||||||||||| ||und||
020 _a817151054X
040 _coclc
082 _a901
_bENA/I
100 1 _aʻInān, Muḥammad ʻAbd Allāh,
_92045
_d1896-
245 0 _aIbn Khaldūn, his life and works /
_cEnan M A
260 _bKitab Bhavan,
_aNew Delhi:
_c2006.
300 _a193p
650 _aIslamic History
942 _cBK
_2ddc
_h901
_iENA/I
_k901
_mENA/I
999 _c22690
_d22690